00213nam a2200097Ia 4500008004100000100001400041245002200055260001700077260000900094546001200103170619s9999 xx 000 0 und d aSingh M D 0aPOWER ELECTRONICS bMc Graw Hill c2008 aENGLISH